01239nam a2200301Ia 4500001001200000003000800012006001900020007001500039008004100054010001700095020003300112040002100145035002100166050002300187100002300210245011700233246005100350260005800401300001400459504006600473533015200539650002800691650002900719655002900748710001700777856012600794999001700920ebr10273215CaPaEBRm u cr cn|||||||||000913s2000 enk sb 001 0 eng d z 00701441  z019825041X (acid-free paper) aCaPaEBRcCaPaEBR a(OCoLC)30934098414aQA248b.P67 2000eb1 aPotter, Michael D.10aReason's nearest kinh[electronic resource] :bphilosophies of arithmetic from Kant to Carnap /cMichael Potter.30aPhilosophies of arithmetic from Kant to Carnap aOxford ;aNew York :bOxford University Press,c2000. ax, 305 p. aIncludes bibliographical references (p. [290]-298) and index. aElectronic reproduction.bPalo Alto, Calif. :cebrary,d2009.nAvailable via World Wide Web.nAccess may be limited to ebrary affiliated libraries. 0aArithmeticxPhilosophy. 0aMathematicsxPhilosophy. 7aElectronic books.2local2 aebrary, Inc.40uhttp://site.ebrary.com/lib/rucke/Doc?id=10273215zAn electronic book accessible through the World Wide Web; click to view c21607d21607